| 000 | 00320nam a22001217a 4500 | ||
|---|---|---|---|
| 020 | _a0-06-453305-0 | ||
| 082 | _a621.902 HEI | ||
| 100 |
_aHEINEMAN,STEPHEN.S,GENEVRO,GEORGE.W _974954 |
||
| 245 | _aMACHINE TOOLS PROCESSES AND APPLICATIONS | ||
| 260 |
_aNEW YORK _bSANAI PUBLISHING _c1979 |
||
| 300 | _a430P | ||
| 942 | _cBK | ||
| 999 |
_c580456 _d580456 |
||